Missing Word: FOX Sitcoms Quiz Stats

Quiz Updated Jan 20, 2015

Challenge
Share
Tweet
Embed
Score 0/16 Timer 05:00
5 Plays Today
Show Missing Word % Correct
That '70s _____Show
97.8%
_____ DevelopmentArrested
96.4%
Married...with _____Children
95.6%
_____ in the MiddleMalcolm
95%
The _____ Mac ShowBernie
84.5%
_____ Nine-NineBrooklyn
73.2%
Get a _____Life
69.6%
Bob's _____Burgers
67.6%
Show Missing Word % Correct
The _____ ProjectMindy
65.1%
_____ GirlNew
60.8%
Raising _____Hope
57.5%
'Til _____Death
49.9%
Parker _____ Can't LoseLewis
33.3%
Living _____Single
30.3%
Herman's _____Head
28.5%
_____ for LifeGrounded
25%

Today's Daily Dose

Missing Word
Jazz Songs 'C'

On This Day
January 18th

You're not logged in!

Compare scores with friends on all Sporcle quizzes.
Sign Up with Email
OR
Log In

You Might Also Like...

Show Comments

Extras

Top Quizzes Today


Score Distribution

Your Account Isn't Verified!

In order to create a playlist on Sporcle, you need to verify the email address you used during registration. Go to your Sporcle Settings to finish the process.